00000000nam 2200000zi 4500
0019.944914
003CaOODSP
00520241119071446
006m     o  d f      
007cr bn|||||||||
008241106t20242024onc     oz   f000 0 eng d
020 |a9780660743806
040 |aCaOODSP|beng|erda|cCaOODSP
0410 |aeng|afre
043 |an-cn---
0861 |aFR4-2023/14-PDF
1300 |aRotterdam Convention on the Prior Informed Consent Procedure for Certain Hazardous Chemicals and Pesticides in International Trade |d(1998). |kProtocols, etc., |d2023 May 12.
24510|aEnvironment - Amendment to Annex III of the Rotterdam Convention on the Prior Informed Consent Procedure for Certain Hazardous Chemicals and Pesticides in International Trade = |bEnvironnement - Amendement à l'Annexe III de la Convention de Rotterdam sur la procédure de consentement préalable en connaissance de cause applicable à certains produits chimiques et pesticides dangereux qui font l'objet d'un commerce international.
24631|aEnvironnement - Amendement à l'Annexe III de la Convention de Rotterdam sur la procédure de consentement préalable en connaissance de cause applicable à certains produits chimiques et pesticides dangereux qui font l'objet d'un commerce international
264 1|a[Ottawa] : |bTreaty Law Division of the Department of Foreign Affairs, Trade and Development = Direction du droit des traités du Ministère des affaires étrangères, du commerce et du développement, |c[2024]
264 4|c©2024
300 |a1 online resource (2 pages).
336 |atext|btxt|2rdacontent
337 |acomputer|bc|2rdamedia
338 |aonline resource|bcr|2rdacarrier
4901 |aTreaty series = |aRecueil des traités ; |v2023/14
500 |a"Adopted at Geneva from 1 to 12 May 2023. In Force on 22 October 2023. In Force for Canada 22 October 2023."
546 |aText in English and French.
650 0|aHazardous substances|xLaw and legislation|zCanada.
650 0|aHazardous substances|xLaw and legislation.
650 0|aPesticides|xLaw and legislation|zCanada.
650 0|aPesticides|xLaw and legislation.
650 0|aForeign trade regulation|zCanada.
650 0|aForeign trade regulation.
651 0|aCanada|xForeign relations|vTreaties.
655 7|aTreaties|2lcgft
7101 |aCanada. |bGlobal Affairs Canada. |bTreaty Law Division, |eissuing body.
7101 |aCanada, |eparticipant in treaty.
788 |tEnvironment - Amendment to Annex III of the Rotterdam Convention on the Prior Informed Consent Procedure for Certain Hazardous Chemicals and Pesticides in International Trade = |efre|w(CaOODSP)9.944915
830#0|aCanada treaty series ;|v2023/14.|w(CaOODSP)9.811730
85640|qPDF|s233 KB|uhttps://publications.gc.ca/collections/collection_2024/amc-gac/FR4-2023-14.pdf